| 000 | 00676nam a2200217Ii 4500 | ||
|---|---|---|---|
| 003 | JO-AjNU | ||
| 008 | 230606s9999||||xx |||||||||||||| ||und|| | ||
| 020 | _a978-0-495-50217-3 , 0495-50217-0 | ||
| 040 |
_aJO-AjNU _beng _erda _cJO-AjNU |
||
| 041 | _aeng | ||
| 050 | 1 | 4 | _aPN121.V4 2008 |
| 100 | 3 |
_aVerderber,Rudolph F , Kathleen S.Verderber , Deanna D. Sellnow, _eauthor _92152 |
|
| 245 | 0 | 4 | _aTHE CHALLENGE OF EFFECTIVE SPEAKING |
| 250 | _a14 ed | ||
| 264 | 3 | 1 | _aUSA: Lyn Uhl, 2008 |
| 300 | _a358P | ||
| 336 |
_atext _btxt _2rdacontent |
||
| 337 |
_aunmediated _bn _2rdamedia |
||
| 338 |
_avolume _bnc _2rdacarrier |
||
| 650 | 4 |
_aThe Challenge Of Effective Speaking _92153 |
|
| 999 |
_aE1129 _c1129 _d1129 |
||